Countries Closest to Sri Lanka - 30 Second Sprint - Statistics

General Stats
  • This quiz has been taken 90 times
  • The average score is 11 of 20
Answer Stats
km country miles % Correct
1 India 1
100%
716 Maldives 445
77%
1874 Pakistan 1165
77%
1628 Bangladesh 1011
74%
1955 Nepal 1215
70%
1810 Thailand 1125
69%
1629 Myanmar 1012
66%
2150 China 1336
65%
1464 Indonesia 910
65%
2108 Bhutan 1310
62%
2360 Laos 1466
55%
1967 Malaysia 1222
54%
2337 Cambodia 1452
47%
2522 Vietnam 1567
43%
2646 Afghanistan 1644
34%
2494 Singapore 1550
34%
2570 Iran 1597
31%
2537 Oman 1577
14%
2898 Saudi Arabia 1801
9%
2795 Yemen 1737
7%
No matching quizzes found
Score Distribution
Percent of People with Each Score
Percentile by Number Answered
Your Score History
You have not taken this quiz